|
|
|
|
| LEADER |
01688nam a22003974a 4500 |
| 001 |
32387 |
| 003 |
BD-DhAAL |
| 005 |
20211116113400.0 |
| 008 |
171205s2002 nyua b 000 0 eng |
| 999 |
|
|
|c 38315
|d 38315
|
| 010 |
|
|
|a 2001003805
|
| 020 |
|
|
|a 1568982925 (pbk. : alk. paper)
|
| 020 |
|
|
|a 9781568982922
|
| 040 |
|
|
|a DLC
|d BD-DhAAL
|
| 042 |
|
|
|a pcc
|
| 043 |
|
|
|a n-us-al
|
| 050 |
0 |
0 |
|a NA2300.A9
|b D43 2002
|
| 082 |
0 |
0 |
|a 720.71176143
|2 21
|
| 100 |
1 |
|
|a Dean, Andrea Oppenheimer.
|9 24204
|
| 245 |
1 |
0 |
|a Rural Studio :
|b Samuel Mockbee and an architecture of decency /
|c text by Andrea Oppenheimer Dean ; photographs by Timothy Hursley ; and essays by Lawrence Chua and Cervin Robinson.
|
| 250 |
|
|
|a First edition
|
| 260 |
|
|
|a New York :
|b Princeton Architectural Press,
|c c2002.
|
| 300 |
|
|
|a v, 185 pages :
|b illustrations (some col.) ;
|c 26 cm.
|
| 504 |
|
|
|a Includes bibliographical references (p. 183-185).
|
| 526 |
|
|
|a ARC
|
| 600 |
1 |
0 |
|a Mockbee, Samuel.
|9 24205
|
| 610 |
2 |
0 |
|a Auburn University.
|b Department of Architecture.
|b Rural Studio.
|9 24206
|
| 650 |
|
0 |
|a Architecture
|x Study and teaching
|z Alabama
|z Hale County.
|9 24207
|
| 650 |
|
0 |
|a Vernacular architecture
|z Alabama
|z Hale County.
|9 24208
|
| 650 |
|
0 |
|a Sustainable architecture
|z Alabama
|z Hale County.
|9 24209
|
| 650 |
|
0 |
|a Low-income housing
|z Alabama
|z Hale County.
|9 24210
|
| 650 |
|
0 |
|a Architecture
|9 42716
|
| 700 |
1 |
|
|a Hursley, Timothy,
|d 1955-
|9 24211
|
| 852 |
|
|
|a Ayesha Abed Library
|
| 942 |
|
|
|2 ddc
|c BK
|
| 952 |
|
|
|0 0
|1 0
|2 ddc
|4 0
|6 720_711761430000000_DEA
|7 0
|9 62018
|a BRACUL
|b BRACUL
|c GEN
|d 2017-11-28
|e Trim Education
|g 2398.00
|l 3
|m 18
|o 720.71176143 DEA
|p 3010032387
|r 2021-12-23
|s 2021-12-15
|t 1
|v 2398.00
|w 2017-11-28
|y BK
|